000 00412cam a22001217a 4500
008 180718b1963 xxu||||| |||| 00| 0 eng d
082 _aB73x54 In2p
245 _aSixth annual conference: panchayati raj (New Delhi, October 28, 1962)
260 _aNew Delhi
_bIndian Institute of Public Administration
_c1963
300 _a94p.
650 _aVillage panchayats
700 _aIndian Institute of Public Administration
999 _c475900
_d475900